00361nam a2200145Ia 4500008004100000020001800041041000800059082001500067100001100082245006800093260001900161300000800180365001600188700001100204230718s9999 xx 000 0 und d a9788184896176 aeng a006.3bLIU aLiu B. aWeb Data MiningbExploring Hyperlinks, Contents, And Usage Data c2010bSpringer a532 cRs.b950.00 aLiu B.